| 000 | 00861nam a2200241 a 4500 | ||
|---|---|---|---|
| 999 |
_c11300 _d11300 |
||
| 001 | 11300 | ||
| 003 | BD-JhCC | ||
| 005 | 20191112134008.0 | ||
| 008 | 190624s 2008bg |||| ||a| 000 0 ben d | ||
| 020 | _a9848740295 | ||
| 035 | _a(BD-JhCC)11300 | ||
| 040 |
_aBD-JhCC _dBD-JhCC |
||
| 041 | _aben | ||
| 082 |
_bNAV 2008 _a891.44 |
||
| 100 | _aনাভারো, ইভন | ||
| 245 |
_aশ্বাস্রুদ্ধকর সায়েন্স ফিকশন: স্পিসিজ / _cইভন নাভারো, অনু: অনীশ দাস অপু । |
||
| 260 |
_aঢাকা: _bঅনিন্দ্য প্রকাশ; _c২০০৮. |
||
| 300 |
_a১৫৫ পৃ. : _c২২ সেমি. |
||
| 650 | _aScience Fiction | ||
| 700 | _aঅপু , অনীশ দাস | ||
| 942 |
_2ddc _cBK _02 |
||